Central Library OPAC University of Rajshahi

Emergence of a new nation in a multi-polar world : (Record no. 26789)

MARC details
000 -LEADER
fixed length control field 01092nam a2200289 a 4500
001 - CONTROL NUMBER
control field 26789
003 - CONTROL NUMBER IDENTIFIER
rucl marc code BD-RjUL
005 - DATE AND TIME OF LATEST TRANSACTION
control field 20211209051052.0
008 - FIXED-LENGTH DATA ELEMENTS--GENERAL INFORMATION
fixed length control field 140323s1979 dcu 000 0 eng d
020 ## - INTERNATIONAL STANDARD BOOK NUMBER
International Standard Book Number 0819105589
035 ## - SYSTEM CONTROL NUMBER
System control number (BD-RjUL)26860
040 ## - CATALOGING SOURCE
Original cataloging agency DLC
Transcribing agency MnU
Language of cataloging eng
Modifying agency BD-RjUL
041 ## - LANGUAGE CODE
Language code of text/sound track or separate title eng
082 ## - DEWEY DECIMAL CLASSIFICATION NUMBER
Classification number 954.145
Author mark and year RAE 1979
100 1# - MAIN ENTRY--PERSONAL NAME
Personal name Rahman, Mizanur.
9 (RLIN) 82332
245 10 - TITLE STATEMENT
Title Emergence of a new nation in a multi-polar world :
Remainder of title Bangladesh /
Statement of responsibility, etc. by Mizanur Rahman
260 ## - PUBLICATION, DISTRIBUTION, ETC. (IMPRINT)
Place of publication, distribution, etc. Washington, D.C :
Name of publisher, distributor, etc. University Press of America,
Date of publication, distribution, etc. c1978
300 ## - PHYSICAL DESCRIPTION
Pagination x, 189 p. ;
Size 23 cm
490 1# - SERIES STATEMENT
Series statement International studies series / Center for International Studies, North Carolina Central University
504 ## - BIBLIOGRAPHY, ETC. NOTE
Bibliography, etc Bibliography: p. 177-189
651 #0 - SUBJECT ADDED ENTRY--GEOGRAPHIC NAME
Geographic name Bangladesh
General subdivision Foreign relations
9 (RLIN) 82333
Geographic name Bangladesh
General subdivision History
9 (RLIN) 82334
710 1# - ADDED ENTRY--CORPORATE NAME
Corporate name or jurisdiction name as entry element North Carolina Central University.
Subordinate unit Center for International Studies.
9 (RLIN) 82335
830 #0 - SERIES ADDED ENTRY--UNIFORM TITLE
Uniform title International studies series (North Carolina Central University. Center for International Studies)
942 ## - ADDED ENTRY ELEMENTS (KOHA)
Source of classification or shelving scheme Dewey Decimal Classification
Koha item type Books
Holdings
Lost status Source of classification or shelving scheme Damaged status Not for loan Collection code Permanent Location Current Location Shelving location Date acquired Source of acquisition Cost, normal purchase price Total Checkouts Full call number Date last seen Copy number Koha item type Date checked out
  Dewey Decimal Classification     Non-fiction Central Library, University of Rajshahi Central Library, University of Rajshahi   18/06/1982 Aligrah Lib.Raj 32.00   954.145 RAE 1979 23/03/2014 C-3 Books  
  Dewey Decimal Classification     Non-fiction Central Library, University of Rajshahi Central Library, University of Rajshahi   18/06/1982 Rajshahi, Aligarh Library 32.00   954.145 RAE 1979 27/03/2014 C-4 Books  
  Dewey Decimal Classification     Non-fiction Central Library, University of Rajshahi Central Library, University of Rajshahi   12/04/1984 UP Ltd. Dhaka 32.00 2 954.145 RAE 1979 06/06/2022 C-5 Books 16/05/2022
  Dewey Decimal Classification   Not For Loan Non-fiction Central Library, University of Rajshahi Central Library, University of Rajshahi Reading Room 22/08/1981 National library, Dhaka 54.00   954.145 RAE 1979 23/02/2017 C-1 Books